| 000 | 00535cam a2200217 4500 | ||
|---|---|---|---|
| 008 | 090401t1990 xxu||||| |||| 00| 0 eng d | ||
| 020 | _a0080401201 | ||
| 035 | _a(Sirsi) u8690 | ||
| 041 | _aeng | ||
| 050 | _a332.6324094 | ||
| 110 |
_aSweby Cowan _92763 |
||
| 245 | 4 | _aThe guide to European property investment | |
| 260 |
_aLondon _bWaterlow Publishers _c1989-1990 |
||
| 300 | _a2v ; 22x12cm. | ||
| 350 | _a45 | ||
| 650 | _aEUROPE | ||
| 650 | _aEUROPEAN COMMUNITY | ||
| 710 | _aFIABCI | ||
| 942 | _n0 | ||
| 948 | _c04/03/1997 | ||
| 999 |
_c86547 _d86547 |
||